Genesis and development of a scientific fact

Сохранить в:
Библиографические подробности
Главный автор: Fleck, Ludwik
Формат:
Язык:Undetermined
Опубликовано: London University of Chicago press 1979
Предметы:
Метки: Добавить метку
Нет меток, Требуется 1-ая метка записи!
Thư viện lưu trữ: Trung tâm Học liệu Trường Đại học Cần Thơ
LEADER 00513nam a2200181Ia 4500
001 CTU_80108
008 210402s9999 xx 000 0 und d
082 |a 507 
082 |b F593 
100 |a Fleck, Ludwik 
245 0 |a Genesis and development of a scientific fact 
245 0 |c Ludwik Fleck 
260 |a London 
260 |b University of Chicago press 
260 |c 1979 
650 |a Philosophy,Science,Social aspects 
904 |i Trọng Hải 
980 |a Trung tâm Học liệu Trường Đại học Cần Thơ